[Event "8.Open B Week-End"]
[Site "Padova"]
[Date "2005.12.17"]
[Round "4.34"]
[White "Di Mauro, Valerio"]
[Black "Levorin, Fabrizio"]
[Result "1-0"]
[WhiteElo "1526"]
[BlackElo "1700"]
[Annotator "Gabriele Ballarin"]
[PlyCount "115"]
[EventDate "2005.12.10"]
[EventType "swiss"]
[EventRounds "6"]
[EventCountry "ITA"]

1. e4 c6 2. d4 d5 3. Nc3 dxe4 4. Nxe4 Bf5 5. Ng3 Bg6 6. Nf3 e6 7. Bd3 Bxd3 8. Qxd3 Nf6 9. O-O c5 10. Be3 cxd4 11. Rad1 Nc6 12. Nxd4 Nxd4 13. Bxd4 Be7 14. Qb5+ Qd7 15. Qxd7+ Nxd7 16. Bxg7 Rg8 17. Bd4 Rc8 18. c3 Rg5 19. f4 Rb5 20. Rd2 e5 21. fxe5 Nxe5 22. Re2 Nc6 23. Bf6 Rc7 24. Nf5 Kf8 25. Bxe7+ Nxe7 26. Nd6 Rd5 27. Rxf7+ Kg8 28. Rfxe7 Rxe7 29. Rxe7 Rxd6 30. Rxb7 Rd2 31. a4 a5 32. Rb5 Kf7 33. c4 Ke6 34. c5 Kd5 35. Rxa5 Rxb2 36. Rb5 Ra2 37. a5 Kc6 38. Rb6+ Kxc5 39. Rh6 Rxa5 40. Rxh7 Ra2 41. h4 Kd6 42. Rf7 Ke6 43. Rf2 Ra7 44. Kh2 Rg7 45. Kh3 Ke5 46. g4 Ra7 47. h5 Ra1 48. h6 Rh1+ 49. Rh2 Rxh2+ 50. Kxh2 Kf6 51. h7 Kg7 52. h8=Q+ Kxh8 53. Kh3 Kh7 54. Kh4 Kg7 55. Kg5 Kh7 56. Kf6 Kg8 57. g5 Kf8 58. g6 1-0

[Event "8.Open B Week-End"]
[Site "Padova"]
[Date "2005.12.17"]
[Round "4.35"]
[White "Benedetti, Maurizio"]
[Black "Peluso, Lorenzo"]
[Result "1-0"]
[WhiteElo "1559"]
[BlackElo "1428"]
[Annotator "Gabriele Ballarin"]
[PlyCount "97"]
[EventDate "2005.12.10"]
[EventType "swiss"]
[EventRounds "6"]
[EventCountry "ITA"]

1. c4 e5 2. Nc3 Nc6 3. g3 Bc5 4. Bg2 Qf6 5. Ne4 Qe7 6. Nxc5 Qxc5 7. b3 Nge7 8. Bb2 b5 9. cxb5 Qxb5 10. Nf3 Ba6 11. Nxe5 d6 12. Nxc6 Nxc6 13. Rc1 Bb7 14. O-O O-O 15. Qc2 Nd4 16. Bxd4 Bxg2 17. Bxg7 Bxf1 18. Bxf8 Qb7 19. Qc6 Qxc6 20. Rxc6 Bxe2 21. Bh6 Rc8 22. Be3 Bf3 23. Ra6 Ra8 24. Rxa7 Rxa7 25. Bxa7 c5 26. d4 cxd4 27. Bxd4 f5 28. b4 Kf7 29. b5 Ke6 30. b6 Bc6 31. a4 Kd7 32. a5 Kc8 33. a6 Bb5 34. a7 Kb7 35. f4 Bc6 36. Kf2 Kc8 37. Ke3 Kd7 38. Bb2 Kc8 39. Kd4 Kb7 40. Ba3 Kxb6 41. Bxd6 Kxa7 42. Ke5 h5 43. Kxf5 Bf3 44. h3 Kb7 45. g4 Kc6 46. Be5 Kd7 47. g5 Ke8 48. g6 Kf8 49. Kg5 1-0

[Event "8.Open B Week-End"]
[Site "Padova"]
[Date "2005.12.17"]
[Round "4.36"]
[White "Negro, Raffaele"]
[Black "Alessi, Giovanni"]
[Result "1/2-1/2"]
[WhiteElo "1766"]
[BlackElo "1640"]
[Annotator "Gabriele Ballarin"]
[PlyCount "106"]
[EventDate "2005.12.10"]
[EventType "swiss"]
[EventRounds "6"]
[EventCountry "ITA"]

1. d4 d5 2. Nf3 e6 3. e3 Nf6 4. Bd3 c5 5. c3 Nc6 6. Nbd2 Bd6 7. O-O Bd7 8. dxc5 Bxc5 9. e4 Bd6 10. Qe2 Qc7 11. Re1 Ne5 12. Nxe5 Bxe5 13. Nf3 dxe4 14. Nxe5 exd3 15. Qxd3 Bc6 16. Nxc6 Qxc6 17. Bg5 Qd5 18. Qe3 Qf5 19. Rad1 Nd5 20. Qd2 O-O 21. c4 Nf6 22. Bxf6 Qxf6 23. Qd4 Qxd4 24. Rxd4 Rfd8 25. Red1 Rxd4 26. Rxd4 Kf8 27. Rd7 Rb8 28. Kf1 Ke8 29. Rc7 a6 30. c5 h6 31. Ke2 a5 32. b3 b6 33. c6 b5 34. Rb7 Rc8 35. Rxb5 a4 36. Rc5 axb3 37. axb3 Ke7 38. Ke3 Kd6 39. Rc4 Rxc6 40. Rxc6+ Kxc6 41. Kd4 f6 42. f4 g5 43. fxg5 hxg5 44. g4 Kb5 45. Kc3 Kc5 46. b4+ Kb5 47. Kb3 f5 48. gxf5 exf5 49. Kc3 g4 50. Kd3 f4 51. Ke4 f3 52. Ke3 Kxb4 53. h4 gxh3 1/2-1/2

[Event "8.Open B Week-End"]
[Site "Padova"]
[Date "2005.12.17"]
[Round "4.37"]
[White "Barbetta, Cosimo"]
[Black "Jimchi, Abdelaziz"]
[Result "1-0"]
[WhiteElo "1586"]
[BlackElo "1763"]
[Annotator "Gabriele Ballarin"]
[PlyCount "63"]
[EventDate "2005.12.10"]
[EventType "swiss"]
[EventRounds "6"]
[EventCountry "ITA"]

1. e4 d6 2. c3 Nf6 3. Nf3 c6 4. d3 Bg4 5. Be2 e6 6. h3 Bh5 7. Nh2 Bxe2 8. Qxe2 Be7 9. Be3 Nbd7 10. Nd2 O-O 11. Ng4 e5 12. O-O-O b5 13. d4 a5 14. f4 b4 15. Qc4 d5 16. Qd3 bxc3 17. Qxc3 Bb4 18. Qc2 Bxd2+ 19. Rxd2 Nxe4 20. Rd3 exf4 21. Bxf4 Qb6 22. Kb1 Rfb8 23. Bxb8 Rxb8 24. Rhd1 a4 25. Ra3 Qb4 26. Ka1 Nb6 27. Ne5 Nc4 28. Nxc4 dxc4 29. Rxa4 Qb5 30. Rxc4 Nf2 31. Rc5 Qb4 32. Qxf2 1-0

[Event "8.Open B Week-End"]
[Site "Padova"]
[Date "2005.12.18"]
[Round "5.1"]
[White "Caruso, Augusto"]
[Black "Bonafede, Alessandro"]
[Result "0-1"]
[WhiteElo "2244"]
[BlackElo "2147"]
[Annotator "Gabriele Ballarin"]
[PlyCount "146"]
[EventDate "2005.12.10"]
[EventType "swiss"]
[EventRounds "6"]
[EventCountry "ITA"]

1. d4 f5 2. Qd3 d6 3. g4 fxg4 4. h3 g3 5. Qxg3 Nf6 6. Nc3 Nc6 7. Be3 Bf5 8. O-O-O Qd7 9. Nf3 Nb4 10. Ne1 Qe6 11. d5 Nfxd5 12. Nxd5 Nxd5 13. Bd2 Nf6 14. Qa3 g6 15. f3 d5 16. Ng2 Qc6 17. Ne3 e5 18. Qa5 Be6 19. Ng4 Nxg4 20. hxg4 Qc5 21. e3 Qxa5 22. Bxa5 O-O-O 23. Bc3 Bg7 24. g5 h6 25. Bd3 Bf5 26. Bxf5+ gxf5 27. gxh6 Bxh6 28. Bxe5 Bxe3+ 29. Kb1 Rxh1 30. Rxh1 Rg8 31. c3 Rg1+ 32. Rxg1 Bxg1 33. Kc2 Kd7 34. Kd3 c6 35. a4 c5 36. b3 Kc6 37. Bf6 Bh2 38. Bg5 Be5 39. Bd2 a6 40. Be1 b5 41. axb5+ axb5 42. c4 dxc4+ 43. bxc4 b4 44. Bf2 b3 45. Be1 Bd4 46. Bd2 Kd6 47. Bg5 Ke6 48. Bf4 Kf6 49. Bg3 Ke6 50. Bf4 Kd7 51. Bd2 Kc6 52. Be1 Kb6 53. Bd2 Bb2 54. Be3 Ba3 55. Kc3 b2 56. Kc2 Ka5 57. Bd2+ Ka4 58. Bc3 b1=Q+ 59. Kxb1 Kb3 60. Be5 Bb4 61. Bd6 Kxc4 62. Kc2 Kd4 63. Bf4 c4 64. Bg5 c3 65. Bf4 Be7 66. Bh6 Bf6 67. Bf4 Be5 68. Bg5 f4 69. Bd8 Ke3 70. Bb6+ Kxf3 71. Kd3 Kg2 72. Ke2 f3+ 73. Ke1 Bf4 0-1

[Event "8.Open B Week-End"]
[Site "Padova"]
[Date "2005.12.18"]
[Round "5.2"]
[White "Omeri, Silvan"]
[Black "Dvirnyy, Danyyil"]
[Result "0-1"]
[WhiteElo "2128"]
[BlackElo "2272"]
[Annotator "Gabriele Ballarin"]
[PlyCount "102"]
[EventDate "2005.12.10"]
[EventType "swiss"]
[EventRounds "6"]
[EventCountry "ITA"]

1. d4 Nf6 2. c4 d6 3. Nc3 g6 4. e4 Bg7 5. f3 O-O 6. Be3 e5 7. d5 c6 8. Bd3 cxd5 9. cxd5 a6 10. Nge2 Nh5 11. g4 Nf4 12. Nxf4 exf4 13. Bxf4 f5 14. gxf5 gxf5 15. Bg3 f4 16. Bf2 Nd7 17. h4 b5 18. a3 Rb8 19. Qd2 Ne5 20. Be2 a5 21. b4 Ra8 22. Ra2 Bd7 23. h5 axb4 24. axb4 Rxa2 25. Nxa2 Qa8 26. h6 Bf6 27. Bh4 Qa7 28. Bf2 Qa3 29. Rg1+ Kh8 30. Bd4 Bh4+ 31. Kd1 Ra8 32. Nc1 Qa4+ 33. Qc2 Qxb4 34. Qb2 Qa4+ 35. Nb3 Bf6 36. Kd2 Qa6 37. Ra1 Qc8 38. Rxa8 Qxa8 39. Qa1 Qa4 40. Qxa4 bxa4 41. Na5 Nxf3+ 42. Bxf3 Bxd4 43. Nc4 Bb5 44. Na3 Ba6 45. Kc1 Kg8 46. Nc2 Bc3 47. Na3 Kf7 48. Kc2 Bd4 49. Bh5+ Kf6 50. Be8 f3 51. Nb1 f2 0-1

[Event "8.Open B Week-End"]
[Site "Padova"]
[Date "2005.12.18"]
[Round "5.3"]
[White "Gennari, Leone"]
[Black "Damia, Angelo"]
[Result "1-0"]
[WhiteElo "2038"]
[BlackElo "2137"]
[Annotator "Gabriele Ballarin"]
[PlyCount "20"]
[EventDate "2005.12.10"]
[EventType "swiss"]
[EventRounds "6"]
[EventCountry "ITA"]

1. d4 d6 2. c4 e5 3. d5 f5 4. Nc3 Nf6 5. f3 Be7 6. e4 fxe4 7. fxe4 O-O 8. Be2 Qe8 9. Bf3 Qg6 10. Nge2 Nh5 {Articolo 12} 1-0

[Event "8.Open B Week-End"]
[Site "Padova"]
[Date "2005.12.18"]
[Round "5.4"]
[White "Cacco, Christian"]
[Black "Quaranta, Cristiano"]
[Result "0-1"]
[WhiteElo "2393"]
[BlackElo "2026"]
[Annotator "Gabriele Ballarin"]
[PlyCount "90"]
[EventDate "2005.12.10"]
[EventType "swiss"]
[EventRounds "6"]
[EventCountry "ITA"]

1. d4 d5 2. Nf3 Nf6 3. c4 dxc4 4. Nc3 c6 5. e3 Bg4 6. Bxc4 e6 7. h3 Bh5 8. g4 Bg6 9. Qb3 Qb6 10. Qxb6 axb6 11. Ne5 Nbd7 12. Nxg6 hxg6 13. Be2 Bb4 14. Bd2 e5 15. dxe5 Nxe5 16. g5 Nd5 17. f4 Bxc3 18. bxc3 Nd7 19. e4 Nc7 20. Kf2 Nc5 21. Bf3 Ra4 22. Kg2 O-O 23. Rhb1 Nxe4 24. Bxe4 Rxe4 25. Kf3 Re7 26. Rxb6 Rd8 27. Re1 Rd3+ 28. Kg4 Ne6 29. Re2 Red7 30. Be1 Kf8 31. a4 Ke7 32. Rb4 f5+ 33. gxf6+ gxf6 34. f5 gxf5+ 35. Kxf5 R7d5+ 36. Kg4 f5+ 37. Kh4 Rd7 38. Kh5 Kf7 39. Bh4 Rxh3 40. Re5 Ng7+ 41. Kg5 Rxc3 42. Bf2 Ne6+ 43. Kh4 Kf6 44. Re3 Rh7+ 45. Kg3 f4+ 0-1

[Event "8.Open B Week-End"]
[Site "Padova"]
[Date "2005.12.18"]
[Round "5.5"]
[White "Pojer, Romeo"]
[Black "Borsato, Mirko"]
[Result "1-0"]
[WhiteElo "2153"]
[BlackElo "1613"]
[Annotator "Gabriele Ballarin"]
[PlyCount "65"]
[EventDate "2005.12.10"]
[EventType "swiss"]
[EventRounds "6"]
[EventCountry "ITA"]

1. e4 c6 2. d4 Qc7 3. Nc3 d6 4. Be3 Nf6 5. Qd2 e5 6. f3 Be7 7. O-O-O b5 8. g4 a5 9. Nge2 a4 10. Ng3 b4 11. Nb1 exd4 12. Bxd4 c5 13. Be3 O-O 14. g5 Ne8 15. Bc4 Be6 16. Bd5 Ra6 17. f4 Qa5 18. Nf5 Bd8 19. Rhg1 Bxd5 20. Qxd5 Kh8 21. Qc4 Bc7 22. Rg3 Nd7 23. Rh3 Nb6 24. Qe2 g6 25. Qg4 Ng7 26. Nxg7 Kxg7 27. f5 Rg8 28. Rxh7+ Kf8 29. fxg6 Rxg6 30. Qf5 Rg7 31. Rxg7 Kxg7 32. Rf1 f6 33. Qxf6+ 1-0

[Event "8.Open B Week-End"]
[Site "Padova"]
[Date "2005.12.18"]
[Round "5.6"]
[White "Moi, Roberto"]
[Black "Carini, Massimo"]
[Result "0-1"]
[WhiteElo "1994"]
[BlackElo "2140"]
[Annotator "Gabriele Ballarin"]
[PlyCount "88"]
[EventDate "2005.12.10"]
[EventType "swiss"]
[EventRounds "6"]
[EventCountry "ITA"]

1. d4 d5 2. c4 dxc4 3. Nf3 a6 4. e3 Nf6 5. Bxc4 c5 6. Nc3 b5 7. Bb3 c4 8. Bc2 Bb7 9. O-O e6 10. Qe2 Nc6 11. Rd1 Qc7 12. e4 Nb4 13. Bb1 Nd3 14. Bxd3 cxd3 15. Rxd3 b4 16. e5 Nd7 17. Ne4 Qc6 18. Ng3 a5 19. Rd1 Be7 20. Bf4 g5 21. d5 exd5 22. Nd4 Qg6 23. Bd2 Ba6 24. Qf3 O-O 25. Qxd5 Nxe5 26. Qxe5 Bf6 27. Qc5 Rfc8 28. Nc6 Kh8 29. Qd6 Bxb2 30. Qxg6 hxg6 31. Rab1 Bf6 32. Ne4 Rxc6 33. Nxf6 Rxf6 34. Bxg5 Rc6 35. Rbc1 Rac8 36. h3 Kg7 37. Rxc6 Rxc6 38. Rd5 a4 39. Ra5 b3 40. axb3 axb3 41. Be3 Kf8 42. Re5 b2 43. Bh6+ Kg8 44. Re1 Bd3 0-1

[Event "8.Open B Week-End"]
[Site "Padova"]
[Date "2005.12.18"]
[Round "5.7"]
[White "Xia, Jie"]
[Black "Xhani, Bujar"]
[Result "0-1"]
[WhiteElo "2111"]
[BlackElo "1596"]
[Annotator "Gabriele Ballarin"]
[PlyCount "142"]
[EventDate "2005.12.10"]
[EventType "swiss"]
[EventRounds "6"]
[EventCountry "ITA"]

1. e4 d6 2. d4 Nf6 3. Nc3 c6 4. f4 Qc7 5. Nf3 Bg4 6. e5 Nd5 7. Ne4 Nd7 8. c4 N5b6 9. Bd3 d5 10. cxd5 Nxd5 11. Nc3 N7b6 12. O-O e6 13. h3 Bxf3 14. Qxf3 O-O-O 15. Be4 f5 16. exf6 gxf6 17. f5 e5 18. Bd2 exd4 19. Nb5 Qe5 20. Be1 Rg8 21. g4 Re8 22. Nxa7+ Kd7 23. Bxd5 Nxd5 24. Bf2 Bd6 25. Rfe1 Qh2+ 26. Kf1 Ne3+ 27. Bxe3 dxe3 28. Rad1 e2+ 29. Rxe2 Rxe2 30. Qxe2 Qxh3+ 31. Kf2 Qh2+ 32. Kf1 Qxe2+ 33. Kxe2 Rxg4 34. Nc8 Kxc8 35. Rxd6 Rg2+ 36. Ke3 Rxb2 37. Rxf6 Rxa2 38. Rf8+ Kd7 39. Rf7+ Kd6 {=} 40. Rxb7 Ke5 41. Rxh7 Ra3+ 42. Kd2 Kxf5 43. Rc7 Ra6 44. Kc3 Ke5 45. Kc4 Kd6 46. Rc8 Ra4+ 47. Kb3 Rh4 48. Rd8+ Kc5 49. Rd3 {=} Rd4 50. Rg3 Re4 51. Kc3 Kb5 52. Rh3 c5 53. Rg3 Rb4 54. Rg8 Re4 55. Kb2 Re3 56. Kc2 Kb4 57. Rb8+ Kc4 58. Rc8 Re2+ 59. Kd1 Rh2 60. Rc7 Kb4 61. Rb7+ Kc3 62. Rc7 c4 63. Rb7 Rh1+ 64. Ke2 Kc2 65. Rb6 Rh4 66. Rc6 c3 67. Rd6 Rh3 68. Rc6 Rh2+ 69. Ke1 Kc1 70. Rb6 Rb2 71. Rc6 c2 0-1

[Event "8.Open B Week-End"]
[Site "Padova"]
[Date "2005.12.18"]
[Round "5.8"]
[White "Banovi, Alit"]
[Black "Ravagnani, Tiziano"]
[Result "1-0"]
[WhiteElo "1954"]
[BlackElo "2091"]
[Annotator "Gabriele Ballarin"]
[PlyCount "62"]
[EventDate "2005.12.10"]
[EventType "swiss"]
[EventRounds "6"]
[EventCountry "ITA"]

1. d4 Nf6 2. c4 g6 3. Nc3 d5 4. Bf4 Bg7 5. e3 O-O 6. cxd5 Nxd5 7. Nxd5 Qxd5 8. Bxc7 Nc6 9. Nf3 Bf5 10. b3 Nb4 11. Rc1 Qe4 12. Be2 Nc2+ 13. Rxc2 Qxc2 14. Qxc2 Bxc2 15. Kd2 Rac8 16. Ba5 Be4 17. Bd3 Bxd3 18. Kxd3 b6 19. Bb4 Rc7 20. Rd1 Rfc8 21. Rd2 a5 22. Ba3 Rc3+ 23. Ke2 e6 24. Ne1 Bf8 25. Bb2 R3c7 26. a3 b5 27. Kd3 f6 28. f4 Kf7 29. g4 b4 30. a4 Rc3+ 31. Ke2 Rxb3 1-0

[Event "8.Open B Week-End"]
[Site "Padova"]
[Date "2005.12.18"]
[Round "5.9"]
[White "Lavric, Mihail"]
[Black "Zanin, Dario"]
[Result "0-1"]
[WhiteElo "1971"]
[BlackElo "2044"]
[Annotator "Gabriele Ballarin"]
[PlyCount "146"]
[EventDate "2005.12.10"]
[EventType "swiss"]
[EventRounds "6"]
[EventCountry "ITA"]

1. d4 Nf6 2. c4 g6 3. Nc3 Bg7 4. Nf3 d6 5. g3 O-O 6. Bg2 Nc6 7. O-O e5 8. d5 Ne7 9. e4 Nh5 10. Bg5 h6 11. Bd2 f5 12. Nh4 f4 13. Nxg6 Nxg6 14. Qxh5 Qf6 15. Bh3 Kh7 16. Rac1 Rf7 17. Bxc8 Rxc8 18. Qh3 Rcf8 19. b4 Nh8 20. c5 Qg6 21. cxd6 cxd6 22. Rfe1 Rf6 23. Kh1 Nf7 24. gxf4 exf4 25. Rg1 Ng5 26. Qg4 f3 27. Bxg5 hxg5 28. Qxg5 Qxg5 29. Rxg5 Bh6 30. Rh5 Kg6 31. Rxh6+ Kxh6 32. Nb5 Re8 33. Re1 Rc8 34. Nd4 Rc4 35. Nf5+ Kg5 36. a3 Rc2 37. Ng3 Rxf2 38. e5 Rf4 39. e6 Rh4 40. Nf1 Re4 41. Rc1 Kf6 42. Ng3 Rh4 43. Nf1 Rd4 44. Ng3 Rfd2 45. Rf1 Rd1 46. Kg1 Rxd5 47. Rxd1 Rxd1+ 48. Kf2 Rd2+ 49. Kxf3 Rxh2 50. Ke4 Kxe6 51. Kd4 Rh4+ 52. Ke3 Rh3 53. Kf4 Kd5 54. b5 Rh4+ 55. Kf5 Ra4 56. Ne2 Rxa3 57. Nf4+ Kc5 58. Ke6 Re3+ 59. Kd7 d5 60. Kc7 Re7+ 61. Kd8 Re4 62. Nd3+ Kxb5 63. Kc7 a5 64. Kd6 Rd4 65. Nc5 b6 66. Ne6 Rd1 67. Nc7+ Kb4 68. Na6+ Kc4 69. Kc6 b5 70. Nc5 a4 71. Nd7 a3 72. Ne5+ Kb3 73. Kxb5 a2 0-1

[Event "8.Open B Week-End"]
[Site "Padova"]
[Date "2005.12.18"]
[Round "5.10"]
[White "You, Zi Chih Stefano"]
[Black "Pomaro, Alberto"]
[Result "0-1"]
[WhiteElo "1733"]
[BlackElo "1971"]
[Annotator "Gabriele Ballarin"]
[PlyCount "56"]
[EventDate "2005.12.10"]
[EventType "swiss"]
[EventRounds "6"]
[EventCountry "ITA"]

1. e4 e6 2. d4 d5 3. Nc3 Bb4 4. e5 c5 5. a3 Bxc3+ 6. bxc3 Ne7 7. a4 Qa5 8. Bd2 Nbc6 9. Nf3 Bd7 10. Bb5 c4 11. Ng5 h6 12. Nh3 O-O-O 13. Qb1 Kb8 14. Ke2 g5 15. Qb2 g4 16. Nf4 h5 17. Rhb1 Nf5 18. Bxc6 Bxc6 19. Qb4 Qc7 20. Rh1 h4 21. h3 Rdg8 22. hxg4 Rxg4 23. Kf3 Rhg8 24. Rh2 Qd8 25. Nh5 Rxd4 26. Be3 Nxe3 27. fxe3 Rd2 28. Nf6 Rg3+ 0-1

[Event "8.Open B Week-End"]
[Site "Padova"]
[Date "2005.12.18"]
[Round "5.11"]
[White "Rodeghiero, Andrea"]
[Black "Danieli, Enrico"]
[Result "0-1"]
[WhiteElo "1494"]
[BlackElo "2163"]
[Annotator "Gabriele Ballarin"]
[PlyCount "96"]
[EventDate "2005.12.10"]
[EventType "swiss"]
[EventRounds "6"]
[EventCountry "ITA"]

1. c4 e6 2. Nf3 d5 3. cxd5 exd5 4. g3 Bd6 5. Bg2 Nf6 6. O-O O-O 7. b3 c6 8. Bb2 Re8 9. d3 Bg4 10. Nbd2 Nbd7 11. Re1 Ne5 12. Nxe5 Bxe5 13. Bxe5 Rxe5 14. Nf3 Bxf3 15. Bxf3 d4 16. Qd2 Qe7 17. Qf4 Rd8 18. Rac1 Nd5 19. Bxd5 Rdxd5 20. Rc4 g5 21. Qd2 Qe6 22. Qb2 c5 23. b4 b6 24. bxc5 bxc5 25. Qb8+ Kg7 26. Qxa7 Qh3 27. e4 dxe3 28. fxe3 Rxd3 29. Rf1 Rf5 30. Rxf5 Qxf5 31. Rc1 Rxe3 32. Rf1 Qd5 33. Qb6 Qd4 34. Kh1 Re6 35. Qb7 Rf6 36. Rxf6 Qxf6 37. Qb1 c4 38. Kg2 c3 39. Qc2 Qd4 40. Kf3 h5 41. Ke2 f6 42. Qd3 Qg4+ 43. Ke1 Qe6+ 44. Kd1 Qxa2 45. Qxc3 Qd5+ 46. Ke2 Qg2+ 47. Ke1 Qg1+ 48. Ke2 Qxh2+ 0-1

[Event "8.Open B Week-End"]
[Site "Padova"]
[Date "2005.12.18"]
[Round "5.12"]
[White "Giuriato, Sergio"]
[Black "Battagin_214, Mosè"]
[Result "1-0"]
[WhiteElo "1992"]
[BlackElo "1802"]
[Annotator "Gabriele Ballarin"]
[PlyCount "91"]
[EventDate "2005.12.10"]
[EventType "swiss"]
[EventRounds "6"]
[EventCountry "ITA"]

1. d4 f5 2. Nf3 Nf6 3. g3 e6 4. Bg2 d5 5. O-O Bd6 6. b3 Qe7 7. Bb2 O-O 8. c4 c6 9. Nbd2 b6 10. Ne5 Bb7 11. Ndf3 Nbd7 12. Qd3 c5 13. Nxd7 Nxd7 14. Ne5 Rad8 15. cxd5 exd5 16. Nxd7 Qxd7 17. e3 Be7 18. Rfd1 Bf6 19. Rab1 Kh8 20. dxc5 bxc5 21. Bxf6 Rxf6 22. Rbc1 Qd6 23. Qb5 Qc6 24. Qxc5 Qxc5 25. Rxc5 Rfd6 26. Rd4 Kg8 27. Kf1 Kf7 28. Rc7+ R8d7 29. Rxb7 Rxb7 30. Bxd5+ Rxd5 31. Rxd5 Ke6 32. Rd4 Rc7 33. Ke2 Rc2+ 34. Rd2 Rc6 35. h4 Ke7 36. Kf3 Re6 37. Rd5 g6 38. Kf4 Kf6 39. Rd7 Ra6 40. a4 h6 41. g4 fxg4 42. Kxg4 Ra5 43. e4 h5+ 44. Kf4 Ra6 45. e5+ Ke6 46. Rd6+ 1-0

[Event "8.Open B Week-End"]
[Site "Padova"]
[Date "2005.12.18"]
[Round "5.13"]
[White "Sinato, Fabrizio"]
[Black "Carlassara, Renato"]
[Result "1-0"]
[WhiteElo "1942"]
[BlackElo "1694"]
[Annotator "Gabriele Ballarin"]
[PlyCount "33"]
[EventDate "2005.12.10"]
[EventType "swiss"]
[EventRounds "6"]
[EventCountry "ITA"]

1. e4 e5 2. Nf3 Nc6 3. Bb5 a6 4. Ba4 Nf6 5. O-O Nxe4 6. d4 b5 7. Bb3 d5 8. dxe5 Be6 9. c3 Be7 10. Bf4 Nc5 11. Bc2 Bg4 12. h3 Ne6 13. Bg3 Bh5 14. Nbd2 Bh4 15. Bxh4 Qxh4 16. Nxh4 Bxd1 17. Raxd1 1-0

[Event "8.Open B Week-End"]
[Site "Padova"]
[Date "2005.12.18"]
[Round "5.14"]
[White "Menini, Luca"]
[Black "Busi, Massimo"]
[Result "1/2-1/2"]
[WhiteElo "1652"]
[BlackElo "1849"]
[Annotator "Gabriele Ballarin"]
[PlyCount "69"]
[EventDate "2005.12.10"]
[EventType "swiss"]
[EventRounds "6"]
[EventCountry "ITA"]

1. d4 d5 2. c4 e5 3. dxe5 d4 4. g3 Nc6 5. Nf3 Bg4 6. Bg2 Qd7 7. Qb3 O-O-O 8. O-O Na5 9. Qd3 Bf5 10. e4 dxe3 11. Qxe3 Kb8 12. Nbd2 Bd3 13. e6 Qxe6 14. Qxe6 fxe6 15. Re1 Nxc4 16. Nxc4 Bxc4 17. Ne5 Bd5 18. Nf7 Bb4 19. Nxd8 Nf6 20. Nf7 Rf8 21. Rd1 Rxf7 22. Bg5 c6 23. Bxf6 gxf6 24. a3 Bd6 25. Bxd5 cxd5 26. Rac1 Bc7 27. Rc2 a6 28. Re2 Rd7 29. Rxe6 Be5 30. Rd2 Bc7 31. Rxf6 Ka7 32. Rf5 d4 33. Rd3 Bb6 34. Kg2 Rc7 35. Rff3 1/2-1/2

[Event "8.Open B Week-End"]
[Site "Padova"]
[Date "2005.12.18"]
[Round "5.15"]
[White "Calicchia, Giovanni"]
[Black "Vianello, Enrico"]
[Result "0-1"]
[WhiteElo "1808"]
[BlackElo "2086"]
[Annotator "Gabriele Ballarin"]
[PlyCount "90"]
[EventDate "2005.12.10"]
[EventType "swiss"]
[EventRounds "6"]
[EventCountry "ITA"]

1. e4 c5 2. Nc3 Nc6 3. g3 g6 4. Bg2 Bg7 5. Nge2 e5 6. Nd5 Nge7 7. Nec3 d6 8. O-O O-O 9. d3 h6 10. Bd2 Rb8 11. Qc1 Kh7 12. f4 f5 13. fxe5 dxe5 14. Nxe7 Nxe7 15. Be3 b6 16. exf5 gxf5 17. Qd1 Qe8 18. Qe2 Nc6 19. Rae1 Nd4 20. Qd2 Be6 21. Ne2 Qd7 22. Nxd4 cxd4 23. Bf2 Rbc8 24. c3 dxc3 25. bxc3 Bc4 26. Rd1 Rcd8 27. Qb2 Bxd3 28. Rfe1 e4 29. Bf1 Qc6 30. Bd4 Bxd4+ 31. cxd4 Bxf1 32. Rxf1 Rd5 33. Rc1 Qd6 34. Rfd1 Rd8 35. Qf2 Qf6 36. Rc7+ R8d7 37. Rxd7+ Rxd7 38. Qe3 Qg5 39. Qc3 h5 40. d5 Qe7 41. Qd4 Qc5 42. Qxc5 bxc5 43. Kf2 Kg6 44. h4 Kf6 45. Ke3 Ke5 0-1

[Event "8.Open B Week-End"]
[Site "Padova"]
[Date "2005.12.18"]
[Round "5.16"]
[White "Valentini, Paola"]
[Black "Rigoni, Vinicio"]
[Result "1/2-1/2"]
[WhiteElo "2004"]
[BlackElo "1733"]
[Annotator "Gabriele Ballarin"]
[PlyCount "80"]
[EventDate "2005.12.10"]
[EventType "swiss"]
[EventRounds "6"]
[EventCountry "ITA"]

1. c4 Nf6 2. Nc3 c6 3. g3 g6 4. Bg2 Bg7 5. Nf3 O-O 6. O-O d6 7. d3 Bg4 8. Rb1 Nbd7 9. Qc2 d5 10. cxd5 cxd5 11. Qb3 Nb6 12. a4 d4 13. Nb5 Be6 14. Qd1 Nh5 15. Ng5 Bd5 16. Bxd5 Nxd5 17. Qb3 h6 18. Nf3 e5 19. Bd2 a6 20. Na3 Qd7 21. Nc4 Rfe8 22. Rfc1 Rac8 23. a5 Rc5 24. Nb6 Rxc1+ 25. Rxc1 Nxb6 26. Qxb6 Re6 27. Qa7 Re8 28. Qc5 g5 29. Qc7 Re7 30. Qxd7 Rxd7 31. Rc5 f6 32. Bb4 Kf7 33. Rc8 f5 34. Nd2 Nf6 35. Nc4 Nd5 36. Bd6 e4 37. Ba3 exd3 38. exd3 Ne7 39. Rc5 Nd5 40. Rc8 Ne7 1/2-1/2

[Event "8.Open B Week-End"]
[Site "Padova"]
[Date "2005.12.18"]
[Round "5.17"]
[White "Fracasso Pezzolato, Michele"]
[Black "Marson, Luca"]
[Result "1-0"]
[WhiteElo "1799"]
[BlackElo "1972"]
[Annotator "Gabriele Ballarin"]
[PlyCount "108"]
[EventDate "2005.12.10"]
[EventType "swiss"]
[EventRounds "6"]
[EventCountry "ITA"]

1. e4 c5 2. Nc3 Nc6 3. f4 g6 4. Nf3 Bg7 5. Bc4 e6 6. O-O Nge7 7. Qe1 O-O 8. d3 d5 9. exd5 exd5 10. Bb3 Rb8 11. Ne5 Nd4 12. Ne2 Nef5 13. c3 Nxb3 14. axb3 a6 15. Ng3 Re8 16. Qf2 Nxg3 17. hxg3 d4 18. Bd2 h5 19. cxd4 cxd4 20. Ra4 Qb6 21. Rb4 Qd6 22. Rxd4 Qb6 23. Rb4 Qxf2+ 24. Kxf2 Bf5 25. d4 b5 26. d5 Bxe5 (26... Bf6) 27. fxe5 Rxe5 28. Bf4 Rbe8 29. Bxe5 Rxe5 30. Rd4 Kf8 31. Rc1 Bg4 32. d6 Bd7 33. b4 Rf5+ 34. Ke3 Rg5 35. Kf2 Rf5+ 36. Ke2 Re5+ 37. Kd2 Rf5 38. Re1 Rf2+ 39. Kc1 Rxg2 40. Re7 Rg1+ 41. Kd2 Rg2+ 42. Ke1 Bf5 43. d7 Bxd7 44. Rdxd7 Rxg3 45. Rxf7+ Kg8 46. Rg7+ Kf8 47. Rh7 Kg8 48. Kf2 Rg4 49. Kf3 Rxb4 50. Rhg7+ Kf8 51. Rxg6 a5 52. Ra6 Ke8 53. Rh7 Rd4 54. Ra8+ Rd8 1-0

[Event "8.Open B Week-End"]
[Site "Padova"]
[Date "2005.12.18"]
[Round "5.18"]
[White "Pirpamper, Klaus"]
[Black "Badiale, Riccardo"]
[Result "1-0"]
[WhiteElo "1952"]
[BlackElo "1729"]
[Annotator "Gabriele Ballarin"]
[PlyCount "47"]
[EventDate "2005.12.10"]
[EventType "swiss"]
[EventRounds "6"]
[EventCountry "ITA"]

1. d4 Nf6 2. c4 g6 3. Nc3 Bg7 4. e4 d6 5. f3 O-O 6. Be3 e5 7. d5 Nh5 8. g4 Nf4 9. h4 h6 10. Qd2 g5 11. hxg5 hxg5 12. Nge2 a5 13. Ng3 f6 14. Nf5 Bxf5 15. exf5 Kf7 16. O-O-O Rh8 17. Rxh8 Qxh8 18. c5 Na6 19. Nb5 Qd8 20. Bc4 Qe7 21. Qxa5 Rb8 22. c6 Nc5 23. Bxc5 b6 24. Qa7 1-0

[Event "8.Open B Week-End"]
[Site "Padova"]
[Date "2005.12.18"]
[Round "5.19"]
[White "Pelosin, Matteo"]
[Black "Zanirato, Stefano"]
[Result "0-1"]
[WhiteElo "1769"]
[BlackElo "1947"]
[Annotator "Gabriele Ballarin"]
[PlyCount "68"]
[EventDate "2005.12.10"]
[EventType "swiss"]
[EventRounds "6"]
[EventCountry "ITA"]

1. e4 Nc6 2. Nf3 e6 3. d4 d5 4. e5 a6 5. Be2 Be7 6. O-O g5 7. Ne1 b6 8. Bh5 Nh6 9. f4 Nxd4 10. fxg5 (10. Qxd4 $4 Bc5) 10... Bxg5 11. Bxf7+ Nxf7 12. Rxf7 h5 13. Rg7 Bxc1 14. Qxd4 Bh6 15. Rg3 Qe7 16. Nd3 c5 17. Qf2 Rf8 18. Qe2 Rf5 19. Rg8+ Kd7 20. Nc3 Qf7 21. Rg3 Bb7 22. Rd1 Kc7 23. Nf2 Rf8 24. Rf1 d4 25. Ncd1 h4 26. Rg4 h3 27. gxh3 b5 28. b4 Bf3 29. Qe1 c4 30. Rxd4 Rg8+ 31. Ng4 Bd5 32. Rxf5 Qxf5 33. Nde3 Qf3 34. Nxd5+ exd5 $138 0-1